載入...

Protein purification /

書目詳細資料
主要作者: Bonner, Philip L. R.
格式: Printed Book
出版: London : Taylor & Francis, 2018.
版:second edition.
主題:
LEADER 00623nam a22001697a 4500
999 |c 216212  |d 216212 
020 |a 9780815344889 
082 |a 612.01575  |b BON-P 
100 |a Bonner, Philip L. R. 
245 |a  Protein purification /   |c Philip L.R. Bonner. 
250 |a second edition. 
260 |a  London :   |b Taylor & Francis,  |c 2018. 
300 |a xvii, 269 p.; 
504 |a  Includes bibliographical references and index. 
650 |a Proteins-Separation. 
942 |c BK 
952 |0 0  |1 0  |4 0  |6 612_015750000000000_BONP  |7 0  |8 NFIC  |9 230175  |a BCH  |b BCH  |c GEN  |d 2019-12-11  |g 3011.04  |l 0  |o 612.01575 BON-P  |p BCH3937  |r 2019-12-11  |v 3672.00  |w 2019-12-11  |y BK